000
00250nam a22001217a 4500
008
180314b xxu||||| |||| 00| 0 eng d
041
_a
eng
080
_a
7
100
_a
42
101
_a
ART
245
_a
HUNDER WASSER
_c
TASCHEN,H
942
_2
udc
_c
BK
999
_c
45035
_d
45035